| 000 | 01096pam a2200301 a 4500 | ||
|---|---|---|---|
| 001 | 3505357 | ||
| 003 | OSt | ||
| 005 | 20231122101022.0 | ||
| 008 | 950419s1996 njuab b 001 0 eng | ||
| 010 | _a 95017406 | ||
| 020 | _a0132219395 | ||
| 040 |
_aDLC _cDLC _dDLC |
||
| 050 | 0 | 0 |
_aQH541 _b.S674 1996 |
| 082 | 0 | 0 |
_a574.5 _bSTI/E |
| 100 | 1 |
_aStiling, Peter D. _99923 |
|
| 245 | 1 | 0 |
_aEcology : _btheories and applications / _cPeter D. Stiling. |
| 250 | _a2nd ed. | ||
| 260 |
_aUpper Saddle River, N.J. : _bPrentice Hall, _cc1996. |
||
| 300 |
_axx, 539 p. : _bill. (some col.), maps (some col.) ; _c24 cm. |
||
| 500 | _aRev. ed. of: Introductory ecology. 1992. | ||
| 504 | _aIncludes bibliographical references (p. 464-514) and index. | ||
| 650 | 0 | _aEcology. | |
| 700 | 1 |
_aStiling, Peter D. _tIntroductory ecology. |
|
| 906 |
_a7 _bcbc _corignew _d1 _eocip _f19 _gy-gencatlg |
||
| 942 |
_2ddc _cBK _h574.5 _iSTI/E _k574.5 _mSTI/E |
||
| 999 |
_c43653 _d43653 |
||